| 000 | 00504 a2200169 4500 | ||
|---|---|---|---|
| 003 | NUST | ||
| 005 | 20221205142134.0 | ||
| 040 | _cNust | ||
| 082 | _a070.43,MAC | ||
| 100 |
_a Macdougall, Curtis D. _9104145 |
||
| 245 |
_aInterpretative Reporting / _cCurtis D. Macdougall |
||
| 250 | _a7th ed. | ||
| 260 |
_alondon _bMacmillan _cc1977 |
||
| 300 | _axi,514p.: | ||
| 505 | _aPrinciples of News Writing (Page-3), Handling Important Assignments (Page-193), Index (Page-503). | ||
| 942 |
_2ddc _cBK _k070.43,MAC |
||
| 999 |
_c193659 _d193659 |
||